Central Library OPAC University of Rajshahi

Electricity and magnetism for degree students / (Record no. 71859)

MARC details
000 -LEADER
fixed length control field 00862nam a2200265 a 4500
001 - CONTROL NUMBER
control field 71859
003 - CONTROL NUMBER IDENTIFIER
rucl marc code BD-RjUL
005 - DATE AND TIME OF LATEST TRANSACTION
control field 20211209082154.0
008 - FIXED-LENGTH DATA ELEMENTS--GENERAL INFORMATION
fixed length control field 170508s19421941enka 000 0 eng
035 ## - SYSTEM CONTROL NUMBER
System control number (BD-RjUL)72075
040 ## - CATALOGING SOURCE
Original cataloging agency DLC/ICU
Transcribing agency CGU
Modifying agency UKM
-- MYG
-- BD-RjUL
Language of cataloging eng
041 ## - LANGUAGE CODE
Language code of text/sound track or separate title eng
082 0# - DEWEY DECIMAL CLASSIFICATION NUMBER
Classification number 537
Edition number 23
Author mark and year STE 1942
090 ## - LOCALLY ASSIGNED LC-TYPE CALL NUMBER (OCLC); LOCAL CALL NUMBER (OCLC)
Classification number (OCLC) (R) ; Classification number, CALL (RLIN) (NR) QC518.S77x 1953
100 1# - MAIN ENTRY--PERSONAL NAME
Personal name Starling, Sydney G.
Fuller form of name (Sydney George),
Dates associated with a name 1873-1955.
9 (RLIN) 212553
245 10 - TITLE STATEMENT
Title Electricity and magnetism for degree students /
Statement of responsibility, etc. Sydney G Starling
250 ## - EDITION STATEMENT
Edition statement 7th ed.
260 ## - PUBLICATION, DISTRIBUTION, ETC. (IMPRINT)
Place of publication, distribution, etc. London :
Name of publisher, distributor, etc. Longmans,
Date of publication, distribution, etc. 1941[impression 1942]
300 ## - PHYSICAL DESCRIPTION
Pagination 630 p. :
Illustrations ill. ;
Size 23 cm.
500 ## - GENERAL NOTE
General note First ed. published in 1912 under title: Electricity and magnetism for advanced students.
650 #0 - SUBJECT ADDED ENTRY--TOPICAL TERM
Topical term or geographic name as entry element Electricity.
9 (RLIN) 212554
Topical term or geographic name as entry element Magnetism.
9 (RLIN) 212555
942 ## - ADDED ENTRY ELEMENTS (KOHA)
Source of classification or shelving scheme Dewey Decimal Classification
Koha item type Books
Holdings
Lost status Source of classification or shelving scheme Damaged status Not for loan Collection code Permanent Location Current Location Shelving location Date acquired Source of acquisition Total Checkouts Full call number Date last seen Copy number Koha item type Cost, normal purchase price
  Dewey Decimal Classification   Not For Loan Non-fiction Central Library, University of Rajshahi Central Library, University of Rajshahi Reading Room 06/05/1866 Zeithlinger   537 STE 1942 08/05/2017 C-1 Books  
  Dewey Decimal Classification     Non-fiction Central Library, University of Rajshahi Central Library, University of Rajshahi General Stacks 11/02/1963 Zeitlinger   537 STE 1942 08/09/2022 C-2 Books 37.60
  Dewey Decimal Classification     Non-fiction Central Library, University of Rajshahi Central Library, University of Rajshahi General Stacks 29/09/1955 B. H Blackwell   537 STE 1942 08/09/2022 C-3 Books 1.10
  Dewey Decimal Classification     Non-fiction Central Library, University of Rajshahi Central Library, University of Rajshahi General Stacks 01/12/1961 M.H Rahman,RU   537 STE 1942 08/09/2022 C-4 Books 20.00